| 000 | 00786nam a2200265 a 4500 | ||
|---|---|---|---|
| 001 | 59634 | ||
| 003 | BD-RjUL | ||
| 005 | 20211209080743.0 | ||
| 008 | 161226s1968 nju b 000 0 eng | ||
| 035 | _a(BD-RjUL)59758 | ||
| 040 |
_aDLC _cDLC _dBD-RjULg _ben |
||
| 041 | _aeng | ||
| 082 | 0 | 0 |
_a304.82 _223 _bWOR 1968 |
| 245 | 1 | 0 |
_aWorld migration in modern times / _cedited by Franklin D. Scott. |
| 260 |
_aEnglewood, N.J., : _bPrentice-Hall _c1968 |
||
| 300 |
_axiii, 177 p. ; _c22 cm. |
||
| 350 | _a$4.95 | ||
| 490 | 0 | _aThe Global history series | |
| 504 | _aBibliography: p. 175-177. | ||
| 650 | 0 |
_aEmigration and immigration. _9172730 |
|
| 700 |
_aScott, Franklin Daniel, _9177444 |
||
| 830 |
_aThe Global history series _9177445 |
||
| 942 |
_2ddc _cBK |
||
| 999 |
_c59634 _d59634 |
||